000 01016nam a22002297a 4500
003 AM-YEHGA
040 _aAM-YeHGA
090 _c456879
005 20250617160455.0
008 201027b ||||| |||| 00| 0 rus d
041 0 _arus
100 1 _aГубельман, Моисей Израилевич
245 1 0 _aЛазо :
_b[1894-1920] : Жизнь и деятельность /
_cМ. Губельман
260 _a[Москва] :
_bМол. гвардия,
_c1947
300 _a303 с.,
_bил., карт.
600 1 4 _aЛазо, Сергей Георгиевич
_d1894-1920
650 7 _aГражданская война в СССР, 1917-1922 - Дальний Восток
_2RKP
653 0 _aБольшевики - Биография
653 0 _aГражданская война в СССР, 1918-1920 - Дальне-Восточный край
653 0 _aПартизанское движение в СССР, 1918-1929 - Дальне-Восточный край
942 _2udc
_cBK
999 _c453899
_d453899